| 000 | 00702nam a2200217Ia 4500 | ||
|---|---|---|---|
| 003 | OSt | ||
| 005 | 20230518113741.0 | ||
| 008 | 210423s1990 xx 000 0 und d | ||
| 040 | _cAL | ||
| 041 | _aeng | ||
| 082 |
_a305.56 _223 _bGOVK |
||
| 100 |
_aGOVERNMENT OF KARNATAKA _9108078 |
||
| 245 | _aReport of the karnataka third backward classes commission ''the justice journey of the karnataka backward classes''. | ||
| 260 |
_aBangalore _bGovernment Of Karnataka _c1990 |
||
| 365 |
_b30 _cINR |
||
| 440 | _v1 | ||
| 650 |
_aSocial Classes _9108079 |
||
| 650 |
_aSociology _9108080 |
||
| 906 | _abackward ; classes ; commission ; journey ; justice ; karnataka ; Report ; third | ||
| 942 |
_2ddc _cBK |
||
| 999 |
_c172385 _d172385 |
||